| 000 | 00550nam a2200229Ia 4500 | ||
|---|---|---|---|
| 005 | 20251020182506.0 | ||
| 008 | 200515s9999 xx 000 0 und d | ||
| 082 | _a62-82/R47 | ||
| 100 | _aReyes Aguirre, Miguel | ||
| 245 | 0 | _aCurso de máquinas hidráulicas | |
| 260 | _aMéxico, D.F. | ||
| 260 | _bU. N. A. M. | ||
| 260 | _c1975 | ||
| 300 | _a230 p. | ||
| 300 | _bil., tbl., graf. | ||
| 500 | _a1 ejemplar | ||
| 650 | _aHIDRAULICA | ||
| 650 | _aMAQUINAS HIDRAULICAS | ||
| 650 | _aTURBINAS HIDRAULICAS | ||
| 942 | _cLIB | ||
| 999 |
_c1292 _d1292 |
||